000 01367nam a2200337Ia 4500
001 ebr10064498
003 CaPaEBR
006 m u
007 cr cn|||||||||
008 040126s2004 enka s 001 0 eng d
015 _aGBA3-W8306
020 _z9781846424175
020 _z1843101793
040 _aCaPaEBR
_cCaPaEBR
035 _a(OCoLC)567905708
050 1 4 _aHQ783
_b.C67 2004eb
082 0 4 _a302.14071
_222
100 1 _aCornish, Ursula.
245 1 0 _aSocial skills training for adolescents with general moderate learning difficulties
_h[electronic resource] /
_cUrsula Cornish and Fiona Ross.
260 _aLondon :
_bJessica Kingsley Publishers,
_c2004.
300 _a128 p. :
_bill.
500 _aIncludes index.
533 _aElectronic reproduction.
_bPalo Alto, Calif. :
_cebrary,
_d2009.
_nAvailable via World Wide Web.
_nAccess may be limited to ebrary affiliated libraries.
650 0 _aAsperger's syndrome
_xPatients
_xEducation.
650 0 _aLearning disabled children
_xEducation
_zGreat Britain.
650 0 _aSocial skills in children
_xStudy and teaching (Secondary)
_zGreat Britain.
655 7 _aElectronic books.
_2local
700 1 _aRoss, Fiona,
_d1971-
710 2 _aebrary, Inc.
856 4 0 _uhttp://site.ebrary.com/lib/rucke/Doc?id=10064498
_zAn electronic book accessible through the World Wide Web; click to view
999 _c159413
_d159413